| 000 | | | 04910cbm0a2200313#x 450 |
| 001 | | | f0981f47-8528-4ba0-9ef6-41e864d16b18 |
| 005 | | | 20240702115633.0 |
| 100 | ## | $a | 20210730j19400122k###0rusy50 ca |
| 101 | 0# | $a | rus |
| 102 | ## | $a | RU |
| 122 | 0# | $a | d19400122## |
| 200 | 1# | $a | План операции Северо-Западного фронта по прорыву укрепленной полосы финских войск на Карельском перешейке |
| | $j | 22 января 1940 г. |
| 251 | ## | $c | Документ |
| 300 | ## | $a | Подлинник |
| 461 | #0 | $1 | 2001 |
| | $a | Ф. 37977 |
| | $1 | 251 |
| | $c | Фонд |
| | $1 | 852 |
| | $j | 37977 |
| 462 | #0 | $1 | 2001 |
| | $a | Оп. 1 |
| | $1 | 251 |
| | $c | Опись |
| | $1 | 852 |
| | $j | 1 |
| 462 | #0 | $1 | 2001 |
| | $a | Д. 434 |
| | $v | Л. 2-34 |
| | $1 | 251 |
| | $c | Дело |
| | $1 | 852 |
| | $j | 434 |
| 605 | ## | $a | Вторая мировая война в архивных документах (Комплекс оцифрованных архивных документов, кино- и фотоматериалов) |
| | $l | коллекция |
| | $2 | acquisition_Prlib |
| | $3 | LIBNET\UAF\0000088514 |
| 605 | ## | $a | Республика Карелия: страницы истории |
| | $l | коллекция |
| | $2 | acquisition_Prlib |
| | $3 | LIBNET\UAF\0000062048 |
| 606 | 1# | $2 | nlr_sh |
| | $3 | RU\NLR\AUTH\661370760 |
| | $a | Советско-финляндская война |
| | $z | 1939 - 1940 |
| | $x | Военные операции |
| | $y | Карельский перешеек |
| | $j | Документы и материалы |
| 617 | ## | $a | Финляндия |
| | $f | 1940 |
| | $2 | prlib_sh |
| 617 | ## | $a | СССР |
| | $f | 1940 |
| | $2 | prlib_sh |
| 686 | ## | $a | 63.3(2)621-35ю11 |
| | $v | LBC/M |
| | $2 | rubbk |
| 686 | ## | $a | 63.3(2)621-68ю11 |
| | $v | LBC/M |
| | $2 | rubbk |
| 686 | ## | $a | 63.3(4Фин)62-68ю11 |
| | $v | LBC/M |
| | $2 | rubbk |
| 801 | #0 | $a | RU |
| | $b | ПБ им. Б.Н. Ельцина |
| | $c | 20210730 |
| 801 | #1 | $a | RU |
| | $b | ПБ им. Б.Н. Ельцина |
| | $c | 20210730 |
| | $2 | rusmarc |
| 801 | #2 | $a | RU |
| | $b | ПБ им. Б.Н. Ельцина |
| | $c | 20210824 |
| | $2 | rusmarc |
| 850 | ## | $a | Российский государственный военный архив |
| 852 | ## | $a | РГВА |
| | $j | Л. 2-34 |
| 035 | ## | $a | LIBNET\0001172105 |
| 937 | ## | $d | 167627640 |
| | $h | Федеральное архивное агентство |
| 856 | 4# | $u | http://readingroom.main.prlib.ru/item.aspx?id_node=n167627640&mode=full |